Manual of Biogenic House Sections: Materials and Carbon (Record no. 12677)

000 -LEADER
fixed length control field 00373 a2200133 4500
008 - FIXED-LENGTH DATA ELEMENTS--GENERAL INFORMATION
fixed length control field 240711b ||||| |||| 00| 0 eng d
020 ## - INTERNATIONAL STANDARD BOOK NUMBER
International Standard Book Number 9781957183091
082 ## - DEWEY DECIMAL CLASSIFICATION NUMBER
Classification number 720.47
100 ## - MAIN ENTRY--PERSONAL NAME
Personal name Paul Lewis ,Marc Tsurumaki and David J. Lewis
245 ## - TITLE STATEMENT
Title Manual of Biogenic House Sections: Materials and Carbon
260 ## - PUBLICATION, DISTRIBUTION, ETC. (IMPRINT)
Name of publisher, distributor, etc Goff Books
Date of publication, distribution, etc 2022
300 ## - PHYSICAL DESCRIPTION
Extent 351p;
942 ## - ADDED ENTRY ELEMENTS (KOHA)
Source of classification or shelving scheme
Holdings
Withdrawn status Lost status Source of classification or shelving scheme Damaged status Koha normalized classification for sorting Not for loan Permanent location Current location Date acquired Source of acquisition Cost, normal purchase price Full call number Barcode Date last seen Cost, replacement price Price effective from Koha item type
        720_470000000000000   BMS College of Architecture, Design and Planning BMS College of Architecture, Design and Planning 2024-07-11 1 2585.76 720.47 AR-UG3865 2024-07-11 3447.68 2024-07-11 B.PLAN
        720_470000000000000   BMS College of Architecture, Design and Planning BMS College of Architecture, Design and Planning 2024-07-11 1 2585.76 720.47 AR-UG3864 2024-07-11 3447.68 2024-07-11 B.PLAN
Copyright © 2025, The Librarian, Library and Information Centre, BMSCA D&P, Bengaluru. All Rights Reserved
web counter

Powered by Koha